<The> Consumers perception of the brand in digital environment

Digitálna éra a digitálny spotrebiteľ. Trendy v zmene spotrebiteľského správania. Typológia digitálnych spotrebiteľov. Digitálny trh. Vnímanie značky digitálnym spotrebiteľom.

Gespeichert in:
Bibliographische Detailangaben
1. Verfasser: Ružička, Tomáš, 1991-
Format: Buchkapitel
Sprache:Englisch
Schlagworte:
Tags: Tag hinzufügen
Keine Tags, Fügen Sie das erste Tag hinzu!

MARC

LEADER 00000nla a2200000 4500
001 0229555
005 20240502073758.5
041 0 |a eng 
044 |a SK 
245 1 0 |a <The> Consumers perception of the brand in digital environment  |c Tomáš Ružička 
520 |a Digitálna éra a digitálny spotrebiteľ. Trendy v zmene spotrebiteľského správania. Typológia digitálnych spotrebiteľov. Digitálny trh. Vnímanie značky digitálnym spotrebiteľom. 
610 2 0 |a správanie spotrebiteľa 
610 2 0 |a preferencie spotrebiteľské 
610 2 0 |a značky 
610 2 0 |a digitalizácia 
610 2 0 |a obchod elektronický 
100 1 |a Ružička, Tomáš, 1991-